Statistics for Most Common Ancestries In Brazil

Click here to take the quiz!

General Stats

  • This quiz has been taken 73 times
  • The average score is 19 of 25

Answer Stats

%Ancestry% Correct
0.8British
96%
2.0French
96%
27.0Portuguese
96%
18.5Italian
94%
6.5Spanish
94%
7.6German
93%
0.5Indigenous
87%
1.5Russian
87%
1.0Chinese
85%
5.5Japanese
83%
3.5Polish
83%
0.1Irish
81%
1.0Greek
80%
1.2Dutch
78%
1.2Indian
78%
50.7African
76%
10.2Arab
76%
0.2Turkish
69%
0.3Korean
65%
2.2Ukrainian
65%
0.2Romanian
48%
0.5Bulgarian
44%
0.1Czech
44%
0.1Croatian
41%
0.3Lithuanian
26%

Score Distribution

Percentile by Number Answered

Percent of People with Each Score

Your Score History

You have not taken this quiz